Quizzes
Events
Quiz Creation
Community
Videos
Private Events
Remove Ads
Sign In
Join for FREE
Feedback
Dark Mode
Quiz Categories
Sports
Geography
Music
Movies
Television
Just For Fun
Miscellaneous
History
Literature
Language
Science
Gaming
Entertainment
Religion
Holiday
For Kids
Quiz Lab
Recent
Popular Today
Quiz Kudos Today
Editor Picks
Curator Picks
Quizzes by...
Day
Popularity
Type
Ratings
Length
Year
Community
Subscriptions
Recent Discussions
Orange Saloon
Badges
Playlists
Quests
Create
Leaderboards
Showdown
Live 5
Trivia Bingo
Activity
Puzzle Library
Sporcle Events
Private Events
Virtual Trivia
Globe League
Become a Host
Pub Owners
SporcleCon
Opinionation
Our Games
Videos
Blog
Mobile Apps
Partnerships
Remove Ads and Go Orange
Feedback
Sports
Athletes
MLB
NBA
NHL
NFL
Soccer
Sports Teams
WWE
NCAA
Football
Premier League
Basketball
Baseball
Hockey
Golf
Tennis
Cricket
Rugby
Auto Racing
Olympics
World Cup
Sports
Athletes
MLB
NBA
NHL
NFL
Soccer
Sports Teams
WWE
NCAA
Football
Premier League
Basketball
Baseball
Hockey
Golf
Tennis
Cricket
Rugby
Auto Racing
Olympics
World Cup
Random Quiz
Search Sporcle
×
Quiz Lab
Quiz Lab
Sports
Football
Type in answers that appear in a list
Type in answers that appear in a list
Classic
Best Score? Go Orange.
List of Scottish top-flight champions since 1980-81 Stats
Can you name the list of Scottish top-flight champions since 1980-81?
By
lloydybhoy
5m
33 Questions
245 Plays
245 Plays
245 Plays
Comments
Comments
Give Quiz Kudos
Give Quiz Kudos
-
- Ratings
hide this ad
Forced Order
Answers have to be entered in order
Answers have to be entered in order
Replay
Link that replays current quiz
Next Quiz
Link to next quiz in quiz playlist
You Got
0%
They Got
Avg Score
94%
Avg Friend Score
Upgrade to see
Score Distribution
Jump to the score distribution portion of the page
Score
0/33
Timer
05:00
0
Plays Today
Season
Team
% Correct
2012-
13
Celtic
99.4%
2011-
12
Celtic
98.7%
2010-
11
Rangers
98.4%
2009-
10
Rangers
98.4%
2008-
09
Rangers
98%
2007-
08
Celtic
98%
2005-
06
Celtic
97.6%
2003-
04
Celtic
97.6%
2006-
07
Celtic
97.1%
2004-
05
Rangers
97.1%
2002-
03
Rangers
97.1%
2001-
02
Celtic
97.1%
2000-
01
Celtic
96.7%
1999-
2000
Rangers
96.7%
1998-
99
Rangers
96.7%
1997-
98
Celtic
96.7%
1996-
97
Rangers
96.7%
Season
Team
% Correct
1995-
96
Rangers
96.3%
1994-
95
Rangers
96.3%
1986-
87
Rangers
96.3%
1983-
84
Aberdeen
96.3%
1993-
94
Rangers
95.9%
1992-
93
Rangers
95.9%
1991-
92
Rangers
95.9%
1990-
91
Rangers
95.9%
1989-
90
Rangers
95.9%
1988-
89
Rangers
95.9%
1987-
88
Celtic
95.9%
1985-
86
Celtic
95.9%
1984-
85
Aberdeen
95.9%
1981-
82
Celtic
93.9%
1980-
81
Celtic
93.1%
1982-
83
Dundee United
84.5%
Quiz Playlist
Details
Report
Send in Message
Add To Playlist
Classic:
Type in answers that appear in a list
Forced Order:
Answers have to be entered in order
Last Updated: Feb 16, 2017
Quiz Scoreboard
CHALLENGE
Sign Up to Join the Scoreboard
Show All
Scores
Hide
Comments
May contain spoilers
Recently Published
Presidents Visiting Landmarks
by Hejman
History
7m
An Introduction to Baseball
by treessimontrees
Sports
5m
Movies - When Are They Set?
by FPL_Elf
Movies
5m
More to Explore
Quiz From the Vault
Featured Blog Post
Where Did the Easter Bunny Come From?
hide this ad
You Might Also Like...
Tags
Football Quiz
Soccer Quiz
1980s
Football Champions
Football Championships
Football Clubs
Scottish Clubs
Scottish Football
Scottish League
Today's Top Quizzes in Sports
Browse Sports
hide this ad
Today's Top Quizzes in Football
Browse Football
Top Contributed Quizzes in Sports
1
Les meilleurs buteurs des matchs entre le PSG et l’OM
2
2022 World Cup Stars
3
FIFA Club World Cup Champions
4
Les entraîneurs de l'OM et du PSG au 21e siècle
5
Name the Premier League winners with different clubs
6
La finale Lions - Afrique du Sud 2021
7
5-to-1: UK Sports Teams
8
England Test cricketers to play under Nasser Hussain
9
Players with Multiple 50 Home Run Seasons
10
AFC Teams Reveal (Wrong Answers Minefield)
Explore More
Trending Topics
Kpop
Disney
Crossword
Anime
Marvel
NBA
Harry Potter
WWE
Puzzle
Country
The Office
Soccer
Song
Pokémon
NFL
hide this ad
More By:
lloydybhoy
Quiz
Plays
Rating
Category
Featured
Created
Top 50 European football teams
593
2.00
Sports
Sep 13, 2011
Scottish Premier League Minefield
489
5.00
Sports
Dec 4, 2013
All-time SPL Teams
282
Sports
Nov 29, 2010
list of Scottish top-flight champions since 1980-81
245
5.00
Sports
Sep 14, 2011
Football Manager Winners 2011-2021
165
2.83
Gaming
Dec 21, 2012
Go to Creator's Profile
Score Distribution
Quiz Creator Spotlight
lloydybhoy
Follow
Send a Message
Quizzes Created
-
Created Quiz Play Count
-
More By This Creator
Popular Quizzes Today
1
Find the US States - No Outlines Minefield
2
Find the Countries of Europe - No Outlines Minefield
3
The Countries of the World
4
Find the US States
5
Popular People in 1961
6
US States
7
Risky Map Clicking: Biggest States A-Z
8
1-10 Letter E Words III
More Sports Quizzes
1993 NBA Champions - Chicago Bulls
Quiz Lab
Trending Quizzes
Risky Map Clicking: Least Populous States A-Z
1-10 Letter G Words
1-10 Letter F Words
One Thing in Common: United Kingdom
Risky Map Clicking: Next State Alphabetically
Recently Updated
Leaping Animals
pecheneg
Reality TV Shows (A-Z)
bhenderson79
Rickey Henderson's Hall of Fame Teammates
pecheneg
Champions League XIs: Arsenal
pecheneg
Quick Pick: Celebrities in WWE's Hall of Fame
aduchscher
A-Z Keypad Blitz II
pecheneg
Multiple Oscar Actors
pecheneg
Mystery Phrase Blitz: Oscar 'Best Actors'
pecheneg
F. Scott Fitzgerald Novels
LTH
Pick 3 Villains
ddd62291
Trending Topics
Anime
Disney
Kpop
Crossword
Marvel
Harry Potter
NBA
Puzzle
Country
Pokémon
The Office
Soccer
Song
NFL
WWE
Your Account Isn't Verified!
In order to create a playlist on Sporcle, you need to verify the email address you used during registration. Go to your
Sporcle Settings
to finish the process.
Report this User
Report this user for behavior that violates our
Community Guidelines
.
Details:
Send Report
Go to the Sporcle.com Mobile Site →
Comments